Az erőszakos-garázda bűncselekmények alakulása Békés megyében 1986-1990.
Elmentve itt :
| Szerző: | |
|---|---|
| További közreműködők: | |
| Dokumentumtípus: | Szakdolgozat |
| Megjelent: |
1992
|
| Tárgyszavak: | |
| Online Access: | http://diploma.bibl.u-szeged.hu/22629 |
| LEADER | 00590nta a2200157 i 4500 | ||
|---|---|---|---|
| 001 | dipl22629 | ||
| 005 | 20130314081429.0 | ||
| 008 | 110916s1992 hu om 0|| zxx d | ||
| 040 | |a SZTE Diploma Repozitórium |b hun | ||
| 041 | |a zxx | ||
| 100 | 1 | |a Surinás János | |
| 245 | 1 | 3 | |a Az erőszakos-garázda bűncselekmények alakulása Békés megyében 1986-1990. |h [elektronikus dokumentum] / |c János Surinás |
| 260 | |c 1992 | ||
| 650 | 4 | |a Jogi és igazgatási tanulmányok | |
| 700 | 1 | |a nincs megadva |e ths | |
| 856 | 4 | 0 | |u http://diploma.bibl.u-szeged.hu/id/eprint/22629/1/1992_suranyi_janos.pdf |z Dokumentum-elérés |